MCSD : (Record no. 183611)
[ view plain ]
| 000 -LEADER | |
|---|---|
| fixed length control field | 00861nam a2200277Ia 4500 |
| 003 - CONTROL NUMBER IDENTIFIER | |
| control field | OSt |
| 005 - DATE AND TIME OF LATEST TRANSACTION | |
| control field | 20251210154741.0 |
| 008 - FIXED-LENGTH DATA ELEMENTS--GENERAL INFORMATION | |
| fixed length control field | 210716s1999 xx 000 0 und d |
| 020 ## - INTERNATIONAL STANDARD BOOK NUMBER | |
| International Standard Book Number | 8176352675 |
| 040 ## - CATALOGING SOURCE | |
| Transcribing agency | AIMIT LIBRARY |
| 041 ## - LANGUAGE CODE | |
| Language code of text/sound track or separate title | eng |
| 082 ## - DEWEY DECIMAL CLASSIFICATION NUMBER | |
| Classification number | 006.37 |
| Edition number | 1 |
| Item number | HAWH |
| 100 ## - MAIN ENTRY--PERSONAL NAME | |
| Personal name | Hawhee, Howard. |
| 9 (RLIN) | 248690 |
| 245 ## - TITLE STATEMENT | |
| Title | MCSD : |
| Remainder of title | visual basic 6 exams / |
| Statement of responsibility, etc. | By Howard Hswhee...[et.al]. |
| 250 ## - EDITION STATEMENT | |
| Edition statement | 1st ed. |
| 260 ## - PUBLICATION, DISTRIBUTION, ETC. | |
| Place of publication, distribution, etc. | New Delhi : |
| Name of publisher, distributor, etc. | Techmedia , |
| Date of publication, distribution, etc. | 1999. |
| 300 ## - PHYSICAL DESCRIPTION | |
| Extent | xxxviii,1202p. ; |
| Other physical details | PB |
| Dimensions | 23.6 cm |
| 650 ## - SUBJECT ADDED ENTRY--TOPICAL TERM | |
| Topical term or geographic name entry element | Creating data input forms and dialog boxes |
| 9 (RLIN) | 248691 |
| 650 ## - SUBJECT ADDED ENTRY--TOPICAL TERM | |
| Topical term or geographic name entry element | Creating an active document |
| 9 (RLIN) | 248692 |
| 650 ## - SUBJECT ADDED ENTRY--TOPICAL TERM | |
| Topical term or geographic name entry element | final review |
| 9 (RLIN) | 248693 |
| 700 ## - ADDED ENTRY--PERSONAL NAME | |
| Personal name | Jordan, Corby. |
| 9 (RLIN) | 248694 |
| 700 ## - ADDED ENTRY--PERSONAL NAME | |
| Personal name | Hundhausen, Richard. |
| 9 (RLIN) | 248695 |
| 700 ## - ADDED ENTRY--PERSONAL NAME | |
| Personal name | Martins, Felipe |
| 9 (RLIN) | 248696 |
| 700 ## - ADDED ENTRY--PERSONAL NAME | |
| Personal name | Moore, Thomas. |
| 9 (RLIN) | 248697 |
| 942 ## - ADDED ENTRY ELEMENTS (KOHA) | |
| Source of classification or shelving scheme | Dewey Decimal Classification |
| Koha item type | Book |
| Edition | 1st |
| Call number prefix | 006.37 HAWH |
| Withdrawn status | Lost status | Damaged status | Not for loan | Collection code | Home library | Current library | Date acquired | Total Checkouts | Full call number | Barcode | Date last seen | Price effective from | Koha item type |
|---|---|---|---|---|---|---|---|---|---|---|---|---|---|
| MCA | St Aloysius Institute of Management & Information Technology | St Aloysius Institute of Management & Information Technology | 07/16/2021 | 006.37 HAWH | MCA03119 | 05/23/2026 | 07/16/2021 | Book |